000 00567cam a22001814a 4500
005 20250605164348.0
008 250528s ||||||||||||||||||||||||d
035 _a24046
040 _aGR-AtMCL
_bgre
_dGR-AtMCL
_eAACR2
245 1 _aInternational Airport Review
260 _bInternational Airport Review,
_c2016
300 _a48
520 _aPassenger Flow Supplement, Aviation Crisis Management, The Safety Aspects of Ground Handling, Risk-Based Security.
700 1 _aDelhusen Andreas
_99375
942 _cCR
999 _c8947
_d8947